| 000 | 00363nam a2200145Ia 4500 | ||
|---|---|---|---|
| 008 | 150201s1999 xx 000 0 und d | ||
| 082 |
_a611 _bT1999S |
||
| 100 | _aSINGH INDERVIR | ||
| 245 | _aTEXTBOOK OF ANATOMY WITH COLOUR ATLAS | ||
| 250 | _a2ND | ||
| 260 |
_bJAYPEE MEDICAL PUBLISHER _aDELHI _c1999 |
||
| 300 | _a1-611 | ||
| 650 | _aANATOMY | ||
| 942 |
_2ddc _cBK |
||
| 999 |
_c3189 _d3189 |
||